000 00412 a2200145 4500
005 20250620074013.0
020 _a0-582-64343-0
082 _a330TAD
100 _aTodaro. Michael. P
245 _aEconomics For a Developing World
250 _a2nd Ed
260 _aBritish,
_bBritish Library Cataloguing -In- Publication Data,
_c1982.
300 _axxv,; 427p, ill, table, figure
_bIndex,
_c23cm
942 _2ddc
_cBKS
999 _c4465
_d4465